Quick Pick: Lost - Sawyer Nicknames IV Quiz Stats

 Plays Quiz not verified by Sporcle

Challenge
Share
Tweet
Embed
Score 0/10 Timer 01:00
0 Plays Today
% Correct
Hugo 'Hurley' Reyes
84.5%
Jack Shephard
58.8%
Daniel Faraday
57.7%
Charlie Pace
56.7%
Karl Martin
55.7%
Kate Austen
48.5%
Miles Straume
48.5%
Alex Rousseau
44.3%
Michael Dawson
33%
Horace Goodspeed
32%

You're not logged in!

Compare scores with friends on all Sporcle quizzes.
Join for Free
OR
Log In

You Might Also Like...

Show Comments

Extras

Top Quizzes Today


Score Distribution

Your Account Isn't Verified!

In order to create a playlist on Sporcle, you need to verify the email address you used during registration. Go to your Sporcle Settings to finish the process.

Report this User

Report this user for behavior that violates our Community Guidelines.

Details: